000 00369nam a2200157Ia 4500
008 230312s9999||||xx |||||||||||||| ||und||
020 _a0-19-545561-8
082 _a820
_bBRO-W
100 _aBronte;Emily
245 0 _aWuthering Heights
260 _bOxford
_aChina
_c2007
300 _a124
546 _aEng.
650 _aLiterature
_vEnglish Literature
942 _cBK
999 _c9339
_d9339